| 000 | 01196cam a2200337 a 4500 | ||
|---|---|---|---|
| 001 | 655460 | ||
| 003 | NUST - PNEC | ||
| 005 | 20170116181112.0 | ||
| 008 | 941027s1995 enk b 001 0 eng | ||
| 010 | _a 94060878 | ||
| 020 | _a1850439052 | ||
| 040 |
_aDLC _cLIBRARY _dDLC |
||
| 043 | _aa-ir--- | ||
| 050 | 0 | 0 |
_aDS318.81 _b.I7 1995 |
| 082 | 0 | 0 |
_a955.054 RAH _220 |
| 245 | 0 | 0 |
_aIran after the revolution : _bcrisis of an Islamic state / _cedited by Saeed Rahnema and Sohrab Behdad. |
| 260 |
_aLondon ; _aNew York : _bI.B. Tauris, _c1995. |
||
| 300 |
_a292 p. ; _c22 cm. |
||
| 504 | _aIncludes bibliographical references (p. 269-279) and index. | ||
| 650 | 0 |
_aIndustrial policy _zIran. _xgeneral book |
|
| 651 | 0 |
_aIran _xPolitics and government _y1979-1997. |
|
| 651 | 0 |
_aIran _xEconomic conditions _y1979-1997. |
|
| 651 | 0 |
_aIran _xEconomic policy. |
|
| 651 | 0 |
_aIran _zSocial conditions _y1979-1997. |
|
| 651 | 0 |
_aIran _xSocial policy. |
|
| 700 | 1 |
_aRahnema, Saeed, _d1942- |
|
| 700 | 1 |
_aBehdad, Sohrab, _d1943- |
|
| 906 |
_a7 _bcbc _corignew _d2 _eopcn _f19 _gy-gencatlg |
||
| 942 |
_2ddc _cBK |
||
| 999 |
_c69171 _d69171 |
||